Skeletal Trauma (Registro nro. 5118)
[ vista simple ]
| 000 -CABECERA | |
|---|---|
| campo de control de longitud fija | 01018nam a22003137a 4500 |
| 001 - NÚMERO DE CONTROL | |
| campo de control | IT\ICCU\UTO\1218824 |
| 003 - IDENTIFICADOR DEL NÚMERO DE CONTROL | |
| campo de control | ItRI |
| 005 - FECHA Y HORA DE LA ÚLTIMA TRANSACCIÓN | |
| campo de control | 20190919152414.0 |
| 008 - DATOS DE LONGITUD FIJA--INFORMACIÓN GENERAL | |
| campo de control de longitud fija | 150525s2015 xxu|||||| ||||| |||||c |
| 020 ## - NÚMERO INTERNACIONAL ESTÁNDAR DEL LIBRO | |
| Número Internacional Estándar del Libro | 9781455776283 |
| Información calificativa | set |
| 020 ## - NÚMERO INTERNACIONAL ESTÁNDAR DEL LIBRO | |
| Número Internacional Estándar del Libro | 9996098001 |
| Información calificativa | Vol. 1 |
| 020 ## - NÚMERO INTERNACIONAL ESTÁNDAR DEL LIBRO | |
| Número Internacional Estándar del Libro | 9996098060 |
| Información calificativa | Vol. 2 |
| 040 ## - FUENTE DE LA CATALOGACIÓN | |
| Centro/agencia transcriptor | AR-RoIUNI |
| 041 #7 - CÓDIGO DE LENGUA | |
| Código de lengua del texto/banda sonora o título independiente | eng |
| Fuente del código | ISO-639-2 |
| 080 ## - NÚMERO DE LA CLASIFICACIÓN DECIMAL UNIVERSAL | |
| Número de la Clasificación Decimal Universal | 617.3 SKE |
| 100 1# - ENTRADA PRINCIPAL--NOMBRE DE PERSONA | |
| Nombre de persona | Browner, Bruce D. |
| Número de control de registro de autoridad | IT\ICCU\LO1V\132429 |
| Código de función/relación | edt |
| 245 10 - MENCIÓN DE TÍTULO | |
| Título | Skeletal Trauma |
| Resto del título | Basic Science, Management, and Reconstruction |
| Mención de responsabilidad, etc. | Bruce D. Browner ... [et al.]. |
| 250 ## - MENCIÓN DE EDICIÓN | |
| Mención de edición | 5a. ed. |
| 260 ## - PUBLICACIÓN, DISTRIBUCIÓN, ETC. (PIE DE IMPRENTA) | |
| Lugar de publicación, distribución, etc. | Philadelphia |
| Nombre del editor, distribuidor, etc. | Elsevier Saunders |
| Fecha de publicación, distribución, etc. | 2015 |
| 300 ## - DESCRIPCIÓN FÍSICA | |
| Extensión | 2v. ([LXII], 2534, [300] p. compless.) : |
| Otras características físicas | ill. ; |
| Dimensiones | 29 cm. |
| 650 10 - PUNTO DE ACCESO ADICIONAL DE MATERIA--TÉRMINO DE MATERIA | |
| 9 (RLIN) | 364 |
| Término de materia o nombre geográfico como elemento inicial | Traumatología |
| 650 10 - PUNTO DE ACCESO ADICIONAL DE MATERIA--TÉRMINO DE MATERIA | |
| 9 (RLIN) | 369 |
| Término de materia o nombre geográfico como elemento inicial | Ortopédia |
| 700 1# - PUNTO DE ACCESO ADICIONAL--NOMBRE DE PERSONA | |
| Nombre de persona | Jupiter, Jesse B. |
| Número de control de registro de autoridad | IT\ICCU\MODV\642416 |
| Código de función/relación | edt |
| 700 1# - PUNTO DE ACCESO ADICIONAL--NOMBRE DE PERSONA | |
| Nombre de persona | Krettek, Christian |
| Número de control de registro de autoridad | IT\ICCU\UTOV\527484 |
| Código de función/relación | edt |
| 700 1# - PUNTO DE ACCESO ADICIONAL--NOMBRE DE PERSONA | |
| Nombre de persona | Anderson, Paul A. |
| Número de control de registro de autoridad | IT\ICCU\RMLV\005030 |
| Código de función/relación | edt |
| 982 #1 - EQUIVALENCIA O REFERENCIA-CRUZADA-MENCIÓN DE SERIE--NOMBRE DE CONFERENCIA O REUNIÓN/CONGRESO/TÍTULO [LOCAL, CANADÁ] | |
| Enlace | z01 |
| Nombre de congreso/reunión o jurisdicción como elemento de entrada | n |
| 942 ## - ELEMENTOS DE PUNTO DE ACCESO ADICIONAL (KOHA) | |
| Fuente del sistema de clasificación o colocación | Clasificación Decimal Universal |
| Tipo de ítem Koha | Libros |
| 981 #1 - EQUIVALENCIA O REFERENCIA-CRUZADA-MENCIÓN DE SERIE--NOMBRE DE ENTIDAD CORPORATIVA/TÍTULO [LOCAL, CANADÁ] | |
| Enlace | z01 |
| Nombre de entidad corporativa o nombre de jurisdicción como elemento de entrada | i |
| Unidad subordinada | xxxe |
| Estado de retiro | Estado de pérdida | Fuente del sistema de clasificación o colocación | Estado dañado | Excepción de préstamo | Código de colección | Localización permanente | Ubicación/localización actual | Ubicación en estantería | Fecha de adquisición | Enumeración/cronología de publicación seriada | Número de inventario | Total de préstamos | Signatura topográfica completa | Código de barras | Fecha visto por última vez | Precio válido a partir de | Tipo de ítem Koha |
|---|---|---|---|---|---|---|---|---|---|---|---|---|---|---|---|---|---|
| Clasificación Decimal Universal | Medicina | BIBLIOTECA CENTRAL | BIBLIOTECA CENTRAL | BIBLIOTECA CENTRAL | 19/09/2019 | Vol. 1 | 6664 | 617.3 SKE | 6664c | 19/09/2019 | 19/09/2019 | Libros | |||||
| Clasificación Decimal Universal | Medicina | BIBLIOTECA CENTRAL | BIBLIOTECA CENTRAL | BIBLIOTECA CENTRAL | 19/09/2019 | Vol. 2 | 6665 | 617.3 SKE | 6665c | 19/09/2019 | 19/09/2019 | Libros |

